[Event "POL-chT 2nd League"]
[Site "Szklarska Poreba"]
[Date "2017.09.09"]
[Round "8.8"]
[White "Markiewicz, Mateusz"]
[Black "Czerniawski, Marek"]
[Result "1-0"]
[WhiteElo "2021"]
[BlackElo "2035"]
[PlyCount "107"]
[EventDate "2017.09.02"]
[EventType "team-swiss"]
[EventRounds "9"]
[EventCountry "POL"]
[SourceTitle "CBM 180 Extra"]
[Source "ChessBase"]
[SourceDate "2017.10.06"]
[SourceVersion "1"]
[SourceVersionDate "2017.10.06"]
[SourceQuality "1"]
[WhiteTeam "Pilzno GKSz Hetman"]
[BlackTeam "Gostynin Gostmat 83"]
[WhiteTeamCountry "POL"]
[BlackTeamCountry "POL"]

1. e4 c5 2. Nf3 g6 3. d4 cxd4 4. Nxd4 Bg7 5. c4 Nc6 6. Be3 Nf6 7. Nc3 Ng4 8. Qxg4 Nxd4 9. Qd1 Ne6 10. Rc1 Qa5 11. a3 b6 12. Be2 Bb7 13. f3 g5 14. 0-0 Bc6 15. Qd2 Be5 16. Rfd1 d6 17. g3 Rg8 18. Nd5 Qxd2 19. Rxd2 Rc8 20. b4 Bf4 21. Bxf4 gxf4 22. Kf2 Bxd5 23. exd5 fxg3+ 24. hxg3 Nf8 25. Rh1 Rg7 26. Rd4 Nd7 27. Bd3 Ne5 28. Bxh7 Rxc4 29. Rxc4 Nxc4 30. Bf5 e6 31. dxe6 fxe6 32. Bxe6 Nxa3 33. f4 Nc2 34. f5 Ke7 35. Rh6 Nxb4 36. f6+ Kxe6 37. fxg7+ Kf7 38. Rxd6 Kxg7 39. Rd7+ Kf6 40. Rxa7 Nd5 41. Kf3 Ke5 42. Rb7 Kd4 43. Rb8 Kc4 44. g4 b5 45. g5 Ne7 46. Rb7 Ng6 47. Rb6 Ne7 48. Re6 Nf5 49. Kf4 Nh4 50. Kg4 Kd5 51. Rb6 Ng2 52. Rxb5+ Ke6 53. Kh5 Kf7 54. Kh6 1-0

[Event "POL-chT 2nd League"]
[Site "Szklarska Poreba"]
[Date "2017.09.08"]
[Round "7.10"]
[White "Czerniawski, Marek"]
[Black "Leskiewicz, Ignacy"]
[Result "0-1"]
[WhiteElo "2035"]
[BlackElo "1770"]
[PlyCount "126"]
[EventDate "2017.09.02"]
[EventType "team-swiss"]
[EventRounds "9"]
[EventCountry "POL"]
[SourceTitle "CBM 180 Extra"]
[Source "ChessBase"]
[SourceDate "2017.10.06"]
[SourceVersion "1"]
[SourceVersionDate "2017.10.06"]
[SourceQuality "1"]
[WhiteTeam "Gostynin Gostmat 83"]
[BlackTeam "Konin UKS Smecz"]
[WhiteTeamCountry "POL"]
[BlackTeamCountry "POL"]

1. c4 Nf6 2. Nc3 g6 3. g3 Bg7 4. Bg2 d6 5. Nf3 0-0 6. 0-0 Nc6 7. Rb1 e5 8. b4 Nh5 9. b5 Ne7 10. d4 Bf5 11. e4 Be6 12. Nd5 f5 13. Ng5 Bd7 14. dxe5 Bxe5 15. f4 Bg7 16. e5 h6 17. Nf3 Nc8 18. Re1 Re8 19. Bb2 Kh7 20. a4 Be6 21. Qc2 c6 22. Ne3 cxb5 23. axb5 dxe5 24. Nxe5 Nd6 25. Rbd1 Qc7 26. Ba3 Rad8 27. Bxd6 Rxd6 28. c5 Rxd1 29. Nxd1 Nf6 30. c6 Nd5 31. Qc5 bxc6 32. Qxc6 Qb6+ 33. Qxb6 Nxb6 34. Bc6 Bd7 35. Kf1 Bxc6 36. Nxc6 Ra8 37. Re7 a6 38. Rb7 Nc4 39. b6 Rc8 40. Rc7 Nxb6 41. Rxc8 Nxc8 42. Ne3 Nb6 43. Ke2 Kg8 44. g4 fxg4 45. Nxg4 Kf7 46. Kd3 Nd5 47. Kc4 Nxf4 48. Kc5 Ke6 49. Kb6 Kf5 50. Nf2 Nd5+ 51. Kxa6 Kf4 52. Kb5 Kf3 53. Nd3 Nf4 54. Nxf4 Kxf4 55. Kc4 h5 56. Kd3 Kf3 57. Ne7 g5 58. h3 Bf6 59. Nf5 h4 60. Nd6 Kg2 61. Ne4 Bd8 62. Ke2 g4 63. hxg4 h3 0-1

[Event "POL-chT 2nd League"]
[Site "Szklarska Poreba"]
[Date "2017.09.06"]
[Round "5.7"]
[White "Czerniawski, Marek"]
[Black "Chmielarz, Maciej"]
[Result "1/2-1/2"]
[WhiteElo "2035"]
[BlackElo "1950"]
[PlyCount "112"]
[EventDate "2017.09.02"]
[EventType "team-swiss"]
[EventRounds "9"]
[EventCountry "POL"]
[SourceTitle "CBM 180 Extra"]
[Source "ChessBase"]
[SourceDate "2017.10.06"]
[SourceVersion "1"]
[SourceVersionDate "2017.10.06"]
[SourceQuality "1"]
[WhiteTeam "Gostynin Gostmat 83"]
[BlackTeam "Ostrow Wielkopolski"]
[WhiteTeamCountry "POL"]
[BlackTeamCountry "POL"]

1. c4 Nf6 2. Nc3 c6 3. g3 d5 4. Bg2 d4 5. Ne4 Nxe4 6. Bxe4 e5 7. Bg2 Be6 8. d3 Nd7 9. Nf3 f5 10. 0-0 Be7 11. b4 Bf6 12. Qd2 h6 13. e3 dxe3 14. Qxe3 Qb6 15. Rb1 Qxe3 16. Bxe3 0-0-0 17. Rfc1 Nb6 18. b5 Rxd3 19. bxc6 bxc6 20. Ne1 Ra3 21. Bxc6 Kc7 22. Bg2 Rb8 23. Nc2 Ra4 24. Rb4 Rxa2 25. c5 Nd7 26. Rxb8 Nxb8 27. Nb4 Ra4 28. Nd5+ Bxd5 29. Bxd5 f4 30. Bd2 Nc6 31. Bc3 fxg3 32. hxg3 Nd4 33. Kf1 Nb5 34. Be1 Nd4 35. Rb1 Nc6 36. f3 Be7 37. Bf2 Nb4 38. Be4 a5 39. g4 Ra3 40. Bg3 Bf6 41. Be1 Nc6 42. Rb6 Nd4 43. Kg2 Ra1 44. Bc3 Ra2+ 45. Kf1 Ra3 46. Be1 Nxf3 47. Rb7+ Kc8 48. c6 Nd4 49. Ra7 Ra1 50. Rxa5 Rxa5 51. Bxa5 Bd8 52. Bb4 Kc7 53. Ba5+ Kc8 54. Bb4 Kc7 55. Ba5+ Kc8 56. Bb4 Kc7 1/2-1/2

[Event "POL-chT3 Dolnoslaskie 1516"]
[Site "Poland"]
[Date "2016.01.24"]
[Round "6.15"]
[White "Borkowski, Franciszek"]
[Black "Czerniawski, Marek"]
[Result "1-0"]
[WhiteElo "2291"]
[BlackElo "2050"]
[PlyCount "79"]
[EventDate "2015.10.18"]
[EventType "team-tourn"]
[EventRounds "11"]
[EventCountry "POL"]
[SourceTitle "EXT 2018"]
[Source "ChessBase"]
[SourceDate "2017.10.13"]
[SourceVersion "1"]
[SourceVersionDate "2017.10.13"]
[SourceQuality "1"]

1. e4 c5 2. Nf3 g6 3. c4 Bg7 4. d4 cxd4 5. Nxd4 Nc6 6. Be3 Nf6 7. Nc3 Ng4 8. Qxg4 Nxd4 9. Qd1 Ne6 10. Rc1 Qa5 11. Qd2 b6 12. Be2 Bb7 13. f3 g5 14. 0-0 Be5 15. Rfd1 d6 16. b3 Rc8 17. g3 h5 18. Nd5 Qxd2 19. Rxd2 h4 20. Kg2 Rg8 21. Rf1 Nf4+ 22. Kf2 Nh3+ 23. Kg2 Nf4+ 24. Kf2 Nxe2 25. Rxe2 e6 26. Nb4 g4 27. f4 Bc3 28. Bd2 Bd4+ 29. Ke1 hxg3 30. hxg3 Rh8 31. Nc2 Bg7 32. f5 Be5 33. Bf4 Bc3+ 34. Kd1 d5 35. Bd2 Bxd2 36. Kxd2 Rh3 37. Rg1 Ke7 38. Kd3 Kf6 39. Ne3 Kg5 40. Rd2 1-0

[Event "POL-chT3 Dolnoslaskie 1516"]
[Site "Poland"]
[Date "2016.01.10"]
[Round "5.16"]
[White "Czerniawski, Marek"]
[Black "Janocha, Wieslaw Adam"]
[Result "1-0"]
[WhiteElo "2050"]
[BlackElo "2266"]
[PlyCount "74"]
[EventDate "2015.10.18"]
[EventType "team-tourn"]
[EventRounds "11"]
[EventCountry "POL"]
[SourceTitle "EXT 2018"]
[Source "ChessBase"]
[SourceDate "2017.10.13"]
[SourceVersion "1"]
[SourceVersionDate "2017.10.13"]
[SourceQuality "1"]

1. c4 e5 2. Nc3 Nf6 3. g3 Bb4 4. Bg2 0-0 5. Nf3 e4 6. Ng5 Bxc3 7. bxc3 Re8 8. 0-0 h6 9. Nh3 d6 10. Nf4 c6 11. d3 g5 12. Nh3 Bf5 13. f4 Bxh3 14. Bxh3 g4 15. Bg2 e3 16. Rb1 b6 17. f5 d5 18. Qa4 Qd7 19. cxd5 cxd5 20. Qf4 Qe7 21. Qxh6 Nbd7 22. Rb4 Qf8 23. Qh4 Qg7 24. Rff4 Qh7 25. Qxh7+ Kxh7 26. Rf1 Rac8 27. Bb2 Rc5 28. c4 dxc4 29. Rxc4 Rxc4 30. dxc4 Kh6 31. Rd1 Kg5 32. Bc6 Re7 33. Bxd7 Nxd7 34. Bd4 Kxf5 35. Bxe3 Rxe3 36. Rxd7 f6 37. Kf2 Ra3 1-0

[Event "POL-chT3 Dolnoslaskie 1314"]
[Site "Poland"]
[Date "2014.02.16"]
[Round "9.22"]
[White "Dmochowska, Agnieszka"]
[Black "Czerniawski, Marek"]
[Result "1/2-1/2"]
[WhiteElo "1790"]
[BlackElo "2018"]
[PlyCount "90"]
[EventDate "2013.10.20"]
[EventType "team-tourn"]
[EventRounds "11"]
[EventCountry "POL"]
[SourceTitle "EXT 2018"]
[Source "ChessBase"]
[SourceDate "2017.10.13"]
[SourceVersion "1"]
[SourceVersionDate "2017.10.13"]
[SourceQuality "1"]
[WhiteTeam "Wroclaw MUKS MDK Srodmiescie"]
[BlackTeam "Goliszow LZS Mewa"]
[WhiteTeamCountry "POL"]
[BlackTeamCountry "POL"]

1. e4 e5 2. Nf3 Nc6 3. Bb5 g6 4. 0-0 Bg7 5. c3 d6 6. d4 Bd7 7. Bg5 Nge7 8. Qd2 h6 9. Be3 g5 10. dxe5 Nxe5 11. Bxd7+ Qxd7 12. Nxe5 dxe5 13. Qxd7+ Kxd7 14. Rd1+ Ke6 15. Na3 a6 16. Nc4 f5 17. f3 b6 18. Rd3 Rad8 19. Rad1 Rxd3 20. Rxd3 g4 21. exf5+ Nxf5 22. fxg4 Nxe3 23. Rxe3 Rd8 24. Kf2 b5 25. Na5 Bf8 26. Rxe5+ Kxe5 27. Nc6+ Ke4 28. Nxd8 Kd3 29. Ne6 Bd6 30. h4 Kc2 31. Ke3 Kxb2 32. Kd4 Be7 33. g5 hxg5 34. hxg5 c5+ 35. Nxc5 Bxg5 36. Nxa6 Bf6+ 37. Kc5 Kxa2 38. Kxb5 Bxc3 39. g4 Bd2 40. Kc4 Bg5 41. Nc5 Ka3 42. Ne4 Bf4 43. Kd5 Kb3 44. Nf2 Kc3 45. Ke4 Bh6 1/2-1/2

[Event "POL-chT3 Dolnoslaskie 1314"]
[Site "Poland"]
[Date "2014.01.19"]
[Round "7.27"]
[White "Paprocki, Artur"]
[Black "Czerniawski, Marek"]
[Result "0-1"]
[WhiteElo "1896"]
[BlackElo "2018"]
[PlyCount "58"]
[EventDate "2013.10.20"]
[EventType "team-tourn"]
[EventRounds "11"]
[EventCountry "POL"]
[SourceTitle "EXT 2018"]
[Source "ChessBase"]
[SourceDate "2017.10.13"]
[SourceVersion "1"]
[SourceVersionDate "2017.10.13"]
[SourceQuality "1"]
[WhiteTeam "Olesnica Pogon"]
[BlackTeam "Goliszow LZS Mewa"]
[WhiteTeamCountry "POL"]
[BlackTeamCountry "POL"]

1. d4 Nf6 2. Nf3 g6 3. c4 Bg7 4. Nc3 0-0 5. Bf4 d6 6. e3 c6 7. Be2 Nbd7 8. 0-0 Re8 9. h3 Qa5 10. Rb1 e5 11. b4 Qd8 12. Bh2 a5 13. a3 axb4 14. axb4 exd4 15. Nxd4 Ne5 16. Qb3 Qe7 17. Rfd1 g5 18. g4 h5 19. f3 hxg4 20. hxg4 Nexg4 21. fxg4 Qxe3+ 22. Kg2 Nxg4 23. Bg1 Qe5 24. Rd3 Bf5 25. Nf3 Qe7 26. Rd2 Bxc3 27. Qxc3 Bxb1 28. Nd4 Ne3+ 29. Kh1 Qe4+ 0-1

[Event "POL-chT3 Dolnoslaskie 1314"]
[Site "Poland"]
[Date "2013.11.03"]
[Round "2.13"]
[White "Czerniawski, Marek"]
[Black "Kacprzak, Robert"]
[Result "1-0"]
[WhiteElo "2018"]
[BlackElo "1921"]
[PlyCount "31"]
[EventDate "2013.10.20"]
[EventType "team-tourn"]
[EventRounds "11"]
[EventCountry "POL"]
[SourceTitle "EXT 2018"]
[Source "ChessBase"]
[SourceDate "2017.10.13"]
[SourceVersion "1"]
[SourceVersionDate "2017.10.13"]
[SourceQuality "1"]
[WhiteTeam "Goliszow LZS Mewa"]
[BlackTeam "Walbrzych WOK"]
[WhiteTeamCountry "POL"]
[BlackTeamCountry "POL"]

1. c4 Nf6 2. Nc3 c5 3. g3 d5 4. cxd5 Nxd5 5. Bg2 Nc7 6. f4 Nc6 7. Nf3 g6 8. Qa4 Bd7 9. Qc4 Ne6 10. Ng5 Bg7 11. Nce4 b6 12. Nxf7 Kxf7 13. Ng5+ Kf6 14. Bxc6 h6 15. Qd5 hxg5 16. Bxd7 1-0

[Event "MK Cafe Cup-B"]
[Site "Koszalin"]
[Date "1997.??.??"]
[Round "5"]
[White "Czerniawski, Marek"]
[Black "Babula, Pavel"]
[Result "1-0"]
[WhiteElo "2185"]
[BlackElo "2060"]
[PlyCount "59"]
[EventDate "1997.??.??"]
[EventType "swiss"]
[EventRounds "10"]
[EventCountry "POL"]
[SourceTitle "EXT 2000"]
[Source "ChessBase"]
[SourceDate "1999.11.16"]
[SourceVersion "1"]
[SourceVersionDate "1999.11.16"]
[SourceQuality "1"]

1. c4 f5 2. Nf3 Nf6 3. d3 e6 4. g3 Be7 5. Bg2 0-0 6. 0-0 d6 7. Nc3 Nc6 8. Rb1 a5 9. a3 Nd7 10. d4 Nb6 11. b3 Bf6 12. Bb2 a4 13. Nxa4 Nxa4 14. bxa4 e5 15. dxe5 dxe5 16. Qd5+ Kh8 17. Rfd1 Qe7 18. Qb5 e4 19. Nd4 Nxd4 20. Bxd4 Bxd4 21. Rxd4 Qxa3 22. c5 b6 23. cxb6 cxb6 24. h4 Qa2 25. Qb2 Qxb2 26. Rxb2 Ba6 27. f3 exf3 28. Bxf3 Rab8 29. Rd6 Rf6 30. Rbxb6 1-0

[Event "Miedzybrodzie op"]
[Site "Miedzybrodzie"]
[Date "1991.??.??"]
[Round "8"]
[White "Czerniawski, Marek"]
[Black "Pisulinski, Jan"]
[Result "0-1"]
[WhiteElo "2250"]
[BlackElo "2385"]
[PlyCount "62"]
[EventDate "1991.??.??"]
[EventType "swiss"]
[EventRounds "11"]
[EventCountry "POL"]
[SourceTitle "TD"]
[Source "ChessBase"]
[SourceDate "1994.03.01"]
[SourceVersion "1"]
[SourceVersionDate "1994.03.01"]
[SourceQuality "1"]

1. g3 d5 2. Bg2 e5 3. c4 dxc4 4. Qa4+ Nd7 5. Qxc4 Ngf6 6. Nf3 Bd6 7. 0-0 0-0 8. d4 c6 9. Rd1 Qe7 10. Bg5 exd4 11. Nxd4 Ne5 12. Qc2 h6 13. Bf4 Nh5 14. Nf5 Bxf5 15. Qxf5 Nxf4 16. Qxf4 Nd3 17. Qd4 Nxf2 18. Qxf2 Bc5 19. Rd4 Bxd4 20. Qxd4 Rad8 21. Qc3 Rd1+ 22. Kf2 Qg5 23. Bf3 Rfd8 24. a4 Qf5 25. e4 Qh3 26. Bxd1 Qxh2+ 27. Kf3 Rxd1 28. Kf4 Qf2+ 29. Kg4 g6 30. Ra3 f5+ 31. exf5 Qxf5+ 0-1